Pensées / (Record n. 6)
[ formato base ]
| 000 -LEADER | |
|---|---|
| fixed length control field | 00773cam a2200277 a 4500 |
| 001 - CONTROL NUMBER | |
| control field | 4475918 |
| 003 - CONTROL NUMBER IDENTIFIER | |
| control field | PAU |
| 005 - DATE AND TIME OF LATEST TRANSACTION | |
| control field | 20220918175246.0 |
| 008 - FIXED-LENGTH DATA ELEMENTS--GENERAL INFORMATION | |
| fixed length control field | 910509s1985 cg b 000 0 fre |
| 010 ## - LIBRARY OF CONGRESS CONTROL NUMBER | |
| LC control number | 87210521 |
| 035 ## - SYSTEM CONTROL NUMBER | |
| System control number | (OCoLC)17389236 |
| 035 ## - SYSTEM CONTROL NUMBER | |
| System control number | (OCoLC)ocm17389236 |
| 035 ## - SYSTEM CONTROL NUMBER | |
| System control number | (NNC)4475918 |
| 040 ## - CATALOGING SOURCE | |
| Original cataloging agency | DLC |
| Transcribing agency | DLC |
| Modifying agency | DLC |
| -- | CStRLIN |
| -- | NNUT |
| 041 1# - LANGUAGE CODE | |
| Language code of text/sound track or separate title | fre |
| Language code of original | ita |
| 090 ## - LOCALLY ASSIGNED LC-TYPE CALL NUMBER (OCLC); LOCAL CALL NUMBER (OCLC) | |
| Classification number (OCLC) (R) ; Classification number, CALL (RLIN) (NR) | BX2183 |
| Local cutter number (OCLC) ; Book number/undivided call number, CALL (RLIN) | .A4314 1985 |
| 100 1# - MAIN ENTRY--PERSONAL NAME | |
| Personal name | Alberione, James, |
| Dates associated with a name | 1884-1971. |
| 245 10 - TITLE STATEMENT | |
| Title | Pensées / |
| Statement of responsibility, etc. | Jacques Alberione. |
| 260 ## - PUBLICATION, DISTRIBUTION, ETC. (IMPRINT) | |
| Place of publication, distribution, etc. | Lubumbashi [Zaïre] : |
| Name of publisher, distributor, etc. | Editions Saint-Paul Afrique, |
| Date of publication, distribution, etc. | [1985] |
| 300 ## - PHYSICAL DESCRIPTION | |
| Extent | 95 p. ; |
| Dimensions | 18 cm. |
| 500 ## - GENERAL NOTE | |
| General note | Translation of: Pensieri. |
| 504 ## - BIBLIOGRAPHY, ETC. NOTE | |
| Bibliography, etc | Includes bibliographical references (p. 93-95). |
| 650 #0 - SUBJECT ADDED ENTRY--TOPICAL TERM | |
| Topical term or geographic name as entry element | Meditations. |
| 942 ## - ADDED ENTRY ELEMENTS (KOHA) | |
| Source of classification or shelving scheme | Dewey Decimal Classification |
| Koha item type | LIBRO |
| Withdrawn status | Lost status | Source of classification or shelving scheme | Damaged status | Use restrictions | Not for loan | Home library | Current library | Shelving location | Date acquired | Total Checkouts | Date last seen | Price effective from | Koha item type | Public note |
|---|---|---|---|---|---|---|---|---|---|---|---|---|---|---|
| Dewey Decimal Classification | Buone Condizioni | Not For Loan | PAULUS-BIBLIOTECA | PAULUS-BIBLIOTECA | On Display | 18/03/2012 | 18/03/2012 | 18/03/2012 | LIBRO | prova |